Úvod do hospodářské a sociální politiky /

Hlavní autor: Vorlíček, Jan, 1973-
Korporativní autor: Vysoká škola ekonomická v Praze. Národohospodářská fakulta
Další autoři: Vostrovská, Zdenka, 1956-
Jazyk: Čeština
Vydáno: Praha : Oeconomica, 2005
Vydání: Vyd. 1.
Témata:
Fyzický popis: 96 s. : il. ; 21 cm
Knihy
Uloženo v:
LEADER 01758nam a2200457 a 4500
001 nkc20061636934
003 CZ PrNK
005 20060628085527.0
007 ta
008 060102s2005 xr a e p 000 0 cze
015 |a cnb001636934 
020 |a 80-245-0954-7  |q (brož.) :  |c Kč 57,00 
035 |a (OCoLC)85717735 
040 |a BOA001  |b cze 
072 7 |a 330.5+338  |x Národní hospodářství a hospodářská politika  |2 Konspekt  |9 4 
072 7 |a 37.016  |x Učební osnovy. Vyučovací předměty. Učebnice  |2 Konspekt  |9 22 
080 |a 338.2  |2 MRF 
080 |a 36  |2 MRF 
080 |a (075.8)  |2 MRF 
100 1 |a Vorlíček, Jan,  |d 1973-  |7 mzk2006323842  |4 aut 
245 1 0 |a Úvod do hospodářské a sociální politiky /  |c Jan Vorlíček, Zdena Vostrovská 
250 |a Vyd. 1. 
260 |a Praha :  |b Oeconomica,  |c 2005 
300 |a 96 s. :  |b il. ;  |c 21 cm 
500 |a Nad názvem: Vysoká škola ekonomická v Praze, Fakulta národohospodářská 
500 |a 500 výt. 
504 |a Obsahuje bibliografii a bibliografické odkazy 
521 8 |a Určeno pro bakalářské studium na VŠE Praha 
650 0 7 |a hospodářská politika  |7 ph114701  |2 czenas 
650 0 7 |a sociální politika  |7 ph116210  |2 czenas 
650 0 9 |a economic policy  |2 eczenas 
650 0 9 |a social policy  |2 eczenas 
655 7 |a učebnice vysokých škol  |7 fd133772  |2 czenas 
655 9 |a textbooks (higher)  |2 eczenas 
700 1 |a Vostrovská, Zdenka,  |d 1956-  |7 ola2005262729  |4 aut 
710 2 |a Vysoká škola ekonomická v Praze.  |b Národohospodářská fakulta  |7 kn20010709401 
910 2 |a BOA001  |b 2-1163.372 
990 |a BK 
995 |a 01 
991 |b 200602  |c NOV 
996 6 |b 2610270411  |c 2-1163.372  |l MZK  |r Sklad / do 1 hodiny  |n 3  |p p.v.  |w 000806228  |u 000010  |a 1  |e BOA001  |j MZK50  |s P